000 00616nam a2200193 4500
001 120373
003 ES-MaACL
005 20230906191532.0
007 t|
008 070214s1947 sp r ||||1| ita d
245 0 0 _aPoeti spagnoli contemporanei /
_ctradotti da Mario Gasparini.
260 _aSalamanca :
_bUniversidad,
_c1947.
300 _a218 p. :
_b22 cm.
490 1 _aPublicaciones de la universidad de Salamanca ;
_v245
700 1 _aGasparini, Mario.
_955892
830 0 _aPublicaciones de la universidad de Salamanca ;
_v245
_9218665
852 _aES-MaACL
_jC-4228
_bR.23920
999 _c120373
_d120373